LEADER 01378nam a2200241 i 4500 001 000000195393 003 CaOOAMICUS 005 20101213000000.0 008 101213s1989 it u000 u ita u 013 $a174065 040 $aSeMil$bita 245 10$aCompendium vitae, virtutum et miraculorum necnon Actorum in causa canonizationis Beati Richardi Pampuri (in saec.: Herminii Philippi), medici chirurgi religiosi professi ordinis hospitalarii s. Ioannis de Deo (1897-1930) :$be tabulario Congregationis pro Causis Sanctorum. 260 $aRomae :$bIn Typographia Guerra,$c1989. 300 $a10 p. ;$c27 cm. 500 $aFondo Card. C.M. Martini. 650 4$aSanti - Canonizzazione.$0(OLS)http://semarc/subject/1571 650 4$aRiccardo : Pampuri .$0(OLS)http://semarc/subject/6354 850 $aSeMil 852 $aSeMil$W1$xVenegono$y1$m6W I 69/26$j145962$B145962$CSeMilBibl$Z2$F157483 $8I 941 1 $a4 961 $aOmaggio: Martini Card. Carlo Maria 996 $6245$aCompendium vitae, virtutum et miraculorum necnon Actorum in causa canonizationis Beati Richardi Pampuri (in saec.: Herminii Philippi), medici chirurgi religiosi professi ordinis hospitalarii s. Ioannis de Deo (1897-1930) :$be tabulario Congregationis pro Causis Sanctorum$9(OLS)http://semarc/title/281900 996 $6260$aRomae :$bIn Typographia Guerra$9(OLS)http://semarc/publisher/45635 LEADER 00803nam a2200217 i 4500 001 000000073080 003 CaOOAMICUS 005 20090511000000.0 008 090511s1980 it u000 u ita u 013 $a44252 040 $aSeMil$bita 100 1 $aBoga, Cesare <1920->.$0(OLS)http://semarc/name/32113 245 13$aLa scelta della scuola media superiore /$cCesare Boga. 250 $a4. ed. 260 $aMilano :$bPirola,$c1980. 300 $a260 p. ;$c24 cm. 650 4$aOrientamento scolastico.$0(OLS)http://semarc/subject/14511 850 $aSeMil 852 $aSeMil$W1$xVenegono$y1$m2Q III 350$j39233$B39233$CSeMilBibl$Z2$F39236 $81 996 $6245$aLa scelta della scuola media superiore$9(OLS)http://semarc/title/117976 996 $6260$aMilano :$bPirola$9(OLS)http://semarc/publisher/30823